| 000 | 00361nam a22001457a 4500 | ||
|---|---|---|---|
| 020 | _a978-81-264-2458-0 | ||
| 082 |
_a894.812.3 _bRAM/F |
||
| 100 | _aRAMAKRISHNAN, T D | ||
| 245 | _aFRANCIS ITTYKKORA | ||
| 246 |
_aFRANCIS ITTYKKORA _bFRANCIS ITTYKKORA |
||
| 260 |
_aKOTTAYAM, INDIA _bD C BOOKS _c2024 |
||
| 300 | _a384 | ||
| 650 | _aMALAYALAM NOVEL | ||
| 942 | _cBK | ||
| 999 |
_c8636 _d8636 |
||